Statistics for 1996-97 Premier League Final Table

Click here to take the quiz!

General Stats

  • This quiz has been taken 8 times
    (7 since last reset)
  • The average score is 14 of 20

Answer Stats

PositionTeamWonDrewLostGF/GAGDPoints% Correct
1Manchester United2112576/443275
100%
3Arsenal1911862/323068
83%
5Aston Villa17101147/341361
83%
12Derby County11131445/58-1346
83%
15Everton10121644/57-1342
83%
4Liverpool1911862/372568
83%
2Newcastle United1911873/403368
83%
16Southampton10111750/56-641
83%
10Tottenham Hotspur1371844/51-746
83%
14West Ham United10121639/48-942
83%
6Chelsea16111158/55359
67%
11Leeds United11131428/38-1046
67%
20Nottingham Forest6161631/59-2834
67%
18Sunderland10101835/53-1840
67%
8Wimbledon15111249/46356
67%
13Blackburn Rovers9151442/43-142
50%
17Coventry City9141538/54-1641
50%
19Middlesbrough10121651/60-939
50%
7Sheffield Wednesday1415950/51-157
50%
9Leicester City12111546/54-847
33%

Score Distribution

Percentile by Number Answered

Percent of People with Each Score

Your Score History

You have not taken this quiz since the last reset